000
00256nam a2200097Ia 4500
001
1076199
005
20250827002252.0
008
250824s9999 xx 000 0 und d
245
0
_a
SERMAYEM YOK DERDİMDEN BAŞKA
_c
SERDAR TUNCER
260
_b
KETEBE YAYINLARI
999
_c
1076199
_d
1076199